| 000 | 01477nam a2200229 a 4500 | ||
|---|---|---|---|
| 005 | 20140310183356.0 | ||
| 008 | 121029s19uu xx 00 eng d | ||
| 020 | _a9780230621800 | ||
| 050 |
_aPN 1059.A9 _b.D63 2011 |
||
| 100 | _aDobyns, Stephen | ||
| 245 |
_aNext word, better word : _bthe craft of writing poetry / _cStephen Dobyns. |
||
| 250 | _a1st ed. | ||
| 260 |
_aNew York, United States : _bPalgrave Macmillan, _c2011. |
||
| 300 |
_a280 p. : _bill. ; _c24 cm. |
||
| 500 | _aIncludes bibliographical references and index | ||
| 520 | _a"This accessible writer's guide provides a helpful framework for creating poetry and navigates contemporary concerns and practices. Stephen Dobyns, author of the classic book on the beauty of poetry, Best Words, Best Order, moves into new terrain in this remarkable book. Bringing years of experience to bear on issues such as subject matter, the mechanics of poetry, and the revision process, Dobyns explores the complex relationship between writers and their work. From Philip Larkin to Pablo Neruda to William Butler Yeats, every chapter reveals useful lessons in these renowned poets' work. Both enlightening and encouraging, Next Word, Better Word demystifies a subtle art form and shows writers how to overcome obstacles in the creative process"--Provided by publisher | ||
| 650 |
_aPoetry _xAuthorship |
||
| 650 | _aCreation (Literary, artistic, etc.) | ||
| 650 | _aPoetics | ||
| 942 |
_cBK _2lcc _kFOR |
||
| 999 |
_c22242 _d22242 |
||